| 000 | 00947cam a2200289 a 4500 | ||
|---|---|---|---|
| 001 | unk85042837 | ||
| 003 | DLC | ||
| 005 | 20260227112803.0 | ||
| 008 | 851011s1958 ch l 000 0 chi | ||
| 010 | _aunk85042837 | ||
| 040 |
_aDLC _cDLC |
||
| 043 | _aa-ch--- | ||
| 050 | 0 | 0 |
_aHV8073 _b.P325 1958 |
| 066 | _c$1 | ||
| 100 | 1 |
_6880-01 _aPei, Kequan . |
|
| 245 | 1 | 0 |
_6880-02 _aPo an shi li / _cPei Kequan zhuan. |
| 250 |
_6880-03 _aChu ban. |
||
| 260 |
_6880-04 _aTai bei xian : _bPei Kequan, _cMinguo 47 [1958] |
||
| 300 |
_6880-05 _a[12], 250, [3] p. ; _c19 cm. |
||
| 504 |
_6880-06 _aFu lu: Nei zheng bu si fa xing zheng bu tong ling. |
||
| 650 | 0 |
_aCriminal investigation _zTaiwan. |
|
| 880 | 1 |
_6100-01/$1 _a裴可權. |
|
| 880 | 1 | 0 |
_6245-02/$1 _a破案實例 / _c裴可權撰. |
| 880 |
_6250-03/$1 _a初版 |
||
| 880 |
_6260-04/$1 _a臺北縣 : _b裴可權, _c民國47 [1958] |
||
| 880 |
_6504-06/$1 _a附錄: 內政部司法行政部通令 |
||
| 999 |
_c91678 _d91678 |
||